|
|
|
|
| LEADER |
01429nam a2200301 a 4500 |
| 001 |
4499 |
| 003 |
BD-DhAAL |
| 005 |
20150710195336.0 |
| 008 |
150710s2003 bg 000 0 eng |
| 010 |
|
|
|a 2003334697
|
| 020 |
|
|
|a 9840516876
|
| 040 |
|
|
|a DLC
|c DLC
|d NNC
|d BD-DhAAL
|
| 050 |
0 |
0 |
|a HD9940.B362
|b P43 2003
|
| 082 |
|
|
|a 382/.45687/095492
|
| 245 |
0 |
0 |
|a Phasing out of the apparel quota :
|b addressing livelihood concerns in Bangladesh.
|
| 260 |
|
|
|a Dhaka :
|b University Press,
|c 2003.
|
| 300 |
|
|
|a xvi, 98 p. ;
|c 25 cm.
|
| 500 |
|
|
|a "A strategy paper prepared by the Centre for Policy Dialogue (CPD) in connection with the global trade campaign by the Oxfam International."
|
| 520 |
|
|
|a Report on the ready made garment industry of Bangladesh primarily meant for export markets; includes articles on the socio-economic conditions of the workers of this industry.
|
| 541 |
|
|
|e 4499
|
| 650 |
|
0 |
|a Clothing trade
|z Bangladesh.
|9 6347
|
| 650 |
|
0 |
|a Clothing workers
|z Bangladesh
|x Social conditions
|y 20th century.
|9 13033
|
| 650 |
|
0 |
|a Clothing workers
|z Bangladesh
|x Economic conditions
|y 20th century.
|9 13034
|
| 650 |
|
0 |
|a Export marketing
|z Bangladesh.
|9 13035
|
| 710 |
2 |
|
|a Centre for Policy Dialogue (Bangladesh)
|9 11632
|
| 942 |
|
|
|2 ddc
|c BK
|
| 999 |
|
|
|c 35017
|d 35017
|
| 952 |
|
|
|0 0
|1 0
|2 ddc
|4 0
|6 382_456870954920000_PHA
|7 0
|9 54899
|a SCL
|b SCL
|c GEN
|d 2015-07-10
|g 300.00
|l 0
|o 382.45687095492 PHA
|p 3020004499
|r 2015-07-10
|t 1
|w 2015-07-10
|y BK
|